Τι πρέπει να ξέρετε για το παιδί σας

Αποθηκεύτηκε σε:
Λεπτομέρειες βιβλιογραφικής εγγραφής
Κύριος συγγραφέας: Montessori, Maria, 1870-1952
Μορφή: Βιβλίο
Γλώσσα:Greek
Δημοσίευση: Αθήνα : Γλάρος, 1981
Θέματα:
Ετικέτες: Προσθήκη ετικέτας
Δεν υπάρχουν, Καταχωρήστε ετικέτα πρώτοι!

MARC

LEADER 00000nam a2200000 i 4500
001 1/74352
008 960513s1981 gre d
035 |a 1986  |b 3  |c Αγορά/Τσιάκαλος  |l 10031780 
040 |a GR-MY-UA  |b gre  |e aacr 
041 0 |a gre 
082 0 |a 371.392 
100 1 |a Montessori, Maria,   |d 1870-1952. 
245 1 0 |a Τι πρέπει να ξέρετε για το παιδί σας /  |c Μαρία Μοντεσσόρι 
260 |a Αθήνα :   |b Γλάρος,   |c 1981 
300 |a 142 σ. 
650 0 0 |a Montessori method of education. 
650 0 0 |a Child psychology. 
650 0 0 |a Child development. 
852 |a INST  |b RHODES  |e 19960513  |h 371.392 MON  |p 005400001603  |q 005400001603  |t BK  |y 0 
909 |a Ρ  |b 003389  |c 1986